| 000 | 00548nab a2200181 a 4500 | ||
|---|---|---|---|
| 005 | 20210219155947.0 | ||
| 008 | 991125s1985 mx 000 0 spa u | ||
| 035 | _aUPN01000155474 | ||
| 100 | 1 | _aVentoso, Rosa | |
| 222 | _aINFANCIA Y APRENDIZAJE = JOURNAL FOR THE STUDY OF EDUCATION AND DEVELOPMENT | ||
| 245 | _aAngel Riviere : la búsqueda del sentido en la clínica del autismo | ||
| 260 | _aMadrid, España | ||
| 300 | _a413-437 | ||
| 362 | 0 | _a2007 Vol. 30, no. 3 | |
| 653 | 0 | _aAUTISMO | |
| 653 | 0 | _aRIVIERE, ANGEL | |
| 905 | _aArticulo | ||
| 999 |
_c127589 _d127589 |
||